[Event "Titled Tuesday intern op 29th Aug Late"]
[Site "Chess.com INT"]
[Date "2023.08.29"]
[Round "1"]
[White "Mayaud, Raphael"]
[Black "Grebeniuk, Semen"]
[Result "1-0"]
[WhiteElo "2201"]
[BlackElo "2315"]
[PlyCount "139"]
[EventDate "2023.08.29"]
[EventType "swiss (blitz)"]
[EventRounds "11"]
[EventCountry "USA"]
[SourceTitle "EXT 2024"]
[Source "ChessBase"]
[SourceDate "2023.10.10"]
[SourceVersion "1"]
[SourceVersionDate "2023.10.10"]
[SourceQuality "1"]

1. d4 f5 2. g3 Nf6 3. Bg2 g6 4. Nh3 d6 5. 0-0 Bg7 6. d5 0-0 7. Nf4 c6 8. c4 Bd7 9. Nc3 Na6 10. Qc2 Rc8 11. dxc6 bxc6 12. b3 g5 13. Nd3 e5 14. Rd1 e4 15. Ne1 Qe7 16. Bxg5 Be6 17. f3 d5 18. fxe4 fxe4 19. e3 h6 20. Bh4 Qf7 21. h3 Qg6 22. Rac1 Nh5 23. Kh2 Be5 24. Ne2 Rf2 25. Nf4 Nxf4 26. Qxf2 Nxg2 27. Nxg2 Rf8 28. Nf4 Qf5 29. Qg2 Nb4 30. Rf1 Bxf4 31. gxf4+ Kh7 32. Rg1 Qf7 33. cxd5 Bxd5 34. Qg4 Nd3 35. Rc2 a5 36. Rcg2 Rg8 37. Qxg8+ Qxg8 38. Rxg8 Bxg8 39. Bf6 Bd5 40. Rg7+ Kh8 41. Ra7+ Kg8 42. Rxa5 Kf7 43. Bd4 Ke6 44. Kg3 Nb4 45. Kg4 Kd6 46. f5 Nd3 47. Kh5 c5 48. Bc3 Nf2 49. h4 Nd1 50. Bd2 Nf2 51. Kg6 c4 52. Rxd5+ Kxd5 53. bxc4+ Kxc4 54. f6 Ng4 55. f7 Ne5+ 56. Kf6 Nxf7 57. Kxf7 Kd3 58. Bc1 Kc2 59. Ba3 Kb1 60. Bc5 Kxa2 61. Kg6 Kb3 62. Kxh6 Kc4 63. Bd4 Kd5 64. Kg7 Ke6 65. h5 Kf5 66. h6 Kg4 67. h7 Kf3 68. h8Q Ke2 69. Qh4 Kd3 70. Qg4 1-0

[Event "Titled Tuesday intern op 22nd Aug Late"]
[Site "Chess.com INT"]
[Date "2023.08.22"]
[Round "2"]
[White "Keymer, Vincent"]
[Black "Grebeniuk, Semen"]
[Result "1-0"]
[WhiteElo "2701"]
[BlackElo "2315"]
[PlyCount "63"]
[EventDate "2023.08.22"]
[EventType "swiss (blitz)"]
[EventRounds "11"]
[EventCountry "USA"]
[SourceTitle "EXT 2024"]
[Source "ChessBase"]
[SourceDate "2023.10.10"]
[SourceVersion "1"]
[SourceVersionDate "2023.10.10"]
[SourceQuality "1"]

1. a3 g6 2. Nf3 Bg7 3. d4 f5 4. b4 Nf6 5. Bb2 0-0 6. e3 d6 7. Nbd2 Qe8 8. Be2 Nbd7 9. Bc4+ Kh8 10. Ng5 Nb6 11. Bb3 e5 12. dxe5 dxe5 13. h4 c6 14. e4 fxe4 15. Ndxe4 Nxe4 16. Nxe4 Be6 17. h5 Bxb3 18. cxb3 Rd8 19. Qe2 Rf4 20. h6 Bf8 21. Nc5 Rd5 22. Rd1 Bxc5 23. Rxd5 Bxf2+ 24. Kd2 Nxd5 25. Bxe5+ Kg8 26. Bxf4 Qd7 27. Qd3 Qg4 28. g3 Nxf4 29. gxf4 Qxf4+ 30. Kc2 Bd4 31. Re1 Qf2+ 32. Re2 1-0

[Event "Titled Tuesday intern op 22nd Aug Late"]
[Site "Chess.com INT"]
[Date "2023.08.22"]
[Round "4"]
[White "Marin, Sebastian"]
[Black "Grebeniuk, Semen"]
[Result "1/2-1/2"]
[WhiteElo "2294"]
[BlackElo "2315"]
[PlyCount "101"]
[EventDate "2023.08.22"]
[EventType "swiss (blitz)"]
[EventRounds "11"]
[EventCountry "USA"]
[SourceTitle "EXT 2024"]
[Source "ChessBase"]
[SourceDate "2023.10.10"]
[SourceVersion "1"]
[SourceVersionDate "2023.10.10"]
[SourceQuality "1"]

1. e4 d5 2. exd5 Qxd5 3. Nc3 Qa5 4. d4 Nf6 5. Nf3 Bg4 6. h3 Bh5 7. g4 Bg6 8. Ne5 e6 9. Bg2 Be4 10. 0-0 Bxg2 11. Kxg2 Nbd7 12. Nxd7 Nxd7 13. f4 0-0-0 14. Be3 h5 15. g5 g6 16. Qf3 Qf5 17. Ne4 Bg7 18. a4 Nb8 19. c3 f6 20. Nc5 c6 21. a5 a6 22. Qe4 Qxe4+ 23. Nxe4 f5 24. Nc5 Rhe8 25. Rae1 Bf8 26. Na4 Nd7 27. Bc1 Bd6 28. Re2 Bc7 29. b4 Re7 30. Rfe1 Rde8 31. c4 Kd8 32. Kf3 Bd6 33. Bd2 Bc7 34. Bc3 Bd6 35. Nc5 Bxc5 36. dxc5 Kc7 37. Bf6 Rf7 38. Rxe6 Rxe6 39. Rxe6 Nf8 40. Rd6 Kc8 41. Rd8+ Kc7 42. Rd6 Kc8 43. Bd8 Rd7 44. Bb6 Rxd6 45. cxd6 Kd7 46. c5 Ne6 47. Ba7 Ke8 48. Bb8 Kd7 49. Ba7 Ke8 50. Bb6 Kd7 51. Ba7 1/2-1/2

[Event "Titled Tuesday intern op 15th Aug Early"]
[Site "Chess.com INT"]
[Date "2023.08.15"]
[Round "2"]
[White "Grebeniuk, Semen"]
[Black "Durarbayli, Vasif"]
[Result "0-1"]
[WhiteElo "2315"]
[BlackElo "2631"]
[PlyCount "60"]
[EventDate "2023.08.15"]
[EventType "swiss (blitz)"]
[EventRounds "11"]
[EventCountry "USA"]
[SourceTitle "EXT 2024"]
[Source "ChessBase"]
[SourceDate "2023.10.10"]
[SourceVersion "1"]
[SourceVersionDate "2023.10.10"]
[SourceQuality "1"]

1. d4 Nf6 2. Nf3 c5 3. e3 g6 4. b3 Bg7 5. Bb2 0-0 6. Nbd2 b6 7. dxc5 bxc5 8. Bd3 Bb7 9. 0-0 d5 10. Qe2 Nc6 11. a3 Qc7 12. Rfd1 e5 13. e4 Nd4 14. Bxd4 cxd4 15. Rac1 Rfe8 16. exd5 Nxd5 17. Qf1 Nc3 18. Re1 e4 19. Bb5 Nxb5 20. Qxb5 Bc6 21. Qc4 exf3 22. Rxe8+ Rxe8 23. Nxf3 Qf4 24. Re1 Rxe1+ 25. Nxe1 Qc1 26. Kf1 Bd7 27. f3 Qxa3 28. Nd3 Bf5 29. Nc5 Qc1+ 30. Kf2 Qxc2+ 0-1

[Event "Titled Tuesday intern op 15th Aug Early"]
[Site "Chess.com INT"]
[Date "2023.08.15"]
[Round "1"]
[White "Grebeniuk, Semen"]
[Black "Johnson, Ben"]
[Result "1-0"]
[WhiteElo "2315"]
[BlackElo "1961"]
[PlyCount "95"]
[EventDate "2023.08.15"]
[EventType "swiss (blitz)"]
[EventRounds "11"]
[EventCountry "USA"]
[SourceTitle "EXT 2024"]
[Source "ChessBase"]
[SourceDate "2023.10.10"]
[SourceVersion "1"]
[SourceVersionDate "2023.10.10"]
[SourceQuality "1"]

1. d4 Nf6 2. Nf3 e6 3. Bg5 d5 4. Nbd2 c5 5. e3 Nc6 6. c3 Be7 7. Bd3 b6 8. Ne5 Nxe5 9. dxe5 Nd7 10. Bf4 Qc7 11. Nf3 h6 12. h4 Bb7 13. 0-0 0-0-0 14. Qa4 Kb8 15. Bg3 g5 16. h5 g4 17. Qxg4 Rhg8 18. Qf4 Rdf8 19. Rfd1 Bg5 20. Nxg5 Rxg5 21. Qh4 Rfg8 22. Be2 Nxe5 23. Kf1 f6 24. Qh3 Qf7 25. a4 Bc6 26. a5 b5 27. b4 c4 28. Rd4 a6 29. Ke1 Kb7 30. Kd2 Be8 31. Kc2 Nc6 32. Rd2 Qg7 33. Rad1 Rxg3 34. fxg3 Qxg3 35. Qxg3 Rxg3 36. Bf3 Ne5 37. Rf1 Rg5 38. Rdf2 f5 39. Rh1 Nxf3 40. gxf3 Bxh5 41. f4 Rg3 42. Rxh5 Rxe3 43. Rxh6 Kc6 44. Rh1 Kd6 45. Rh7 Re4 46. Ra7 Re3 47. Rxa6+ Ke7 48. Rb6 1-0

[Event "Titled Tuesday intern op 15th Aug Late"]
[Site "Chess.com INT"]
[Date "2023.08.15"]
[Round "5"]
[White "Grebeniuk, Semen"]
[Black "Petr, Jan1111"]
[Result "1-0"]
[WhiteElo "2315"]
[BlackElo "2282"]
[PlyCount "79"]
[EventDate "2023.08.15"]
[EventType "swiss (blitz)"]
[EventRounds "11"]
[EventCountry "USA"]
[SourceTitle "EXT 2024"]
[Source "ChessBase"]
[SourceDate "2023.10.10"]
[SourceVersion "1"]
[SourceVersionDate "2023.10.10"]
[SourceQuality "1"]

1. d4 Nf6 2. Nf3 g6 3. Bg5 Bg7 4. c3 b6 5. Nbd2 Bb7 6. e3 0-0 7. Bd3 d6 8. 0-0 Nbd7 9. Qe2 h6 10. Bh4 e5 11. dxe5 dxe5 12. Ba6 Qc8 13. Bxb7 Qxb7 14. Rfd1 e4 15. Nd4 Nc5 16. N2b3 Nd3 17. Nc1 c5 18. Nxd3 exd3 19. Qf3 Qxf3 20. Nxf3 c4 21. Ne5 Rac8 22. Bxf6 Bxf6 23. Nd7 Bg7 24. Nxf8 Kxf8 25. a4 a6 26. Rab1 Ke7 27. f3 b5 28. axb5 axb5 29. Kf2 Kd6 30. e4 b4 31. cxb4 Bd4+ 32. Kg3 Kc6 33. b3 Kb5 34. bxc4+ Kxc4 35. Rbc1+ Bc3 36. Rxc3+ Kxc3 37. Rc1+ Kxb4 38. Rxc8 d2 39. Rd8 Kc3 40. Kf2 1-0

[Event "Titled Tuesday intern op 15th Aug Late"]
[Site "Chess.com INT"]
[Date "2023.08.15"]
[Round "2"]
[White "Grebeniuk, Semen"]
[Black "Ugarte Soto, Cesar"]
[Result "1-0"]
[WhiteElo "2315"]
[BlackElo "2088"]
[PlyCount "77"]
[EventDate "2023.08.15"]
[EventType "swiss (blitz)"]
[EventRounds "11"]
[EventCountry "USA"]
[SourceTitle "EXT 2024"]
[Source "ChessBase"]
[SourceDate "2023.10.10"]
[SourceVersion "1"]
[SourceVersionDate "2023.10.10"]
[SourceQuality "1"]

1. d4 d5 2. c4 e6 3. Nc3 h6 4. cxd5 exd5 5. Nf3 c6 6. Bf4 Bd6 7. Bg3 Nf6 8. e3 0-0 9. Qc2 Bxg3 10. hxg3 Nbd7 11. Bd3 Re8 12. 0-0-0 b5 13. Kb1 a5 14. Rc1 Bb7 15. Ne2 a4 16. Nf4 Nb6 17. Ne5 Nc4 18. Bxc4 bxc4 19. Ka1 a3 20. b3 Qd6 21. bxc4 Rxe5 22. c5 Qe7 23. dxe5 Qxe5+ 24. Qc3 Qe7 25. Nh5 Ne8 26. Rh4 Bc8 27. Rb4 Bf5 28. Rb3 Qg5 29. Nf4 Nf6 30. Rxa3 Rc8 31. Ra4 Ne4 32. Qb2 Qe7 33. g4 Bh7 34. Ra5 Nf6 35. Nh5 Ne8 36. Ra4 Be4 37. f3 Bg6 38. Qd4 Nc7 39. Qxg7# 1-0

[Event "Titled Tuesday intern op 18th Jul Late"]
[Site "Chess.com INT"]
[Date "2023.07.18"]
[Round "3"]
[White "Grebeniuk, Semen"]
[Black "Rosenberg, Evan"]
[Result "1-0"]
[WhiteElo "2315"]
[BlackElo "1973"]
[PlyCount "111"]
[EventDate "2023.07.18"]
[EventType "swiss (blitz)"]
[EventRounds "11"]
[EventCountry "USA"]
[SourceTitle "EXT 2024"]
[Source "ChessBase"]
[SourceDate "2023.10.10"]
[SourceVersion "1"]
[SourceVersionDate "2023.10.10"]
[SourceQuality "1"]

1. Nf3 d5 2. e3 c5 3. b3 f6 4. d4 Nc6 5. Bb2 Bg4 6. Be2 e6 7. 0-0 a6 8. h3 Bh5 9. Nbd2 Bd6 10. c4 Nge7 11. cxd5 exd5 12. dxc5 Bxc5 13. a3 0-0 14. b4 Ba7 15. Nb3 Bf7 16. Rc1 Rc8 17. Qd2 Re8 18. Rfd1 Nf5 19. Nc5 Qe7 20. Bd3 Nd6 21. Nd4 Ne5 22. Nf5 Nxf5 23. Bxf5 Rcd8 24. Bd3 Nc4 25. Bxc4 dxc4 26. Bd4 Bb8 27. Qe2 Qc7 28. f4 Qxf4 29. exf4 Rxe2 30. Nxb7 Rde8 31. Bf2 Bxf4 32. Nd6 Bxc1 33. Nxe8 Bxa3 34. Nc7 Bxb4 35. Rd8+ Bf8 36. Bc5 g6 37. Bxf8 h5 38. Nxa6 Kh7 39. Bb4 Rb2 40. Bc3 Rb1+ 41. Kh2 Kg7 42. Rd6 Rf1 43. Nc5 g5 44. Nd7 g4 45. hxg4 hxg4 46. Nxf6 Kf8 47. Nxg4 Ke7 48. Rb6 Rc1 49. Bf6+ Kd7 50. Ne5+ Kc7 51. Rc6+ Kb7 52. Rc5 Be6 53. Nf3 Kb6 54. Bd4 Kb7 55. Be3 Bd7 56. Bxc1 1-0

[Event "Titled Tuesday intern op 11th Jul Late"]
[Site "Chess.com INT"]
[Date "2023.07.11"]
[Round "5"]
[White "Grebeniuk, Semen"]
[Black "Mujumdar, Sameer Suhas"]
[Result "1-0"]
[WhiteElo "2315"]
[BlackElo "1992"]
[PlyCount "97"]
[EventDate "2023.07.11"]
[EventType "swiss (blitz)"]
[EventRounds "11"]
[EventCountry "USA"]
[SourceTitle "EXT 2024"]
[Source "ChessBase"]
[SourceDate "2023.10.10"]
[SourceVersion "1"]
[SourceVersionDate "2023.10.10"]
[SourceQuality "1"]

1. d4 d5 2. Nf3 Nf6 3. Bg5 Ne4 4. Bh4 c5 5. Nbd2 Nc6 6. e3 Bg4 7. c3 Qb6 8. Qb3 Bxf3 9. gxf3 Nxd2 10. Kxd2 cxd4 11. exd4 Qc7 12. Bg3 Qd7 13. h4 e6 14. h5 Bd6 15. Bd3 Bxg3 16. fxg3 0-0 17. h6 g6 18. Rae1 a6 19. f4 b5 20. Ke2 Na5 21. Qc2 Rac8 22. Kf2 b4 23. Bxa6 Rc7 24. Qe2 bxc3 25. Qe5 f6 26. Qxe6+ Qxe6 27. Rxe6 cxb2 28. Bd3 Rb8 29. Rb1 Nc4 30. Re2 Rcb7 31. Bxc4 dxc4 32. Rc2 Rb4 33. Ke3 Kf7 34. Kd2 Ke6 35. Kc3 Kd5 36. Rcxb2 Rxb2 37. Rxb2 Ra8 38. Rb5+ Ke4 39. Rb2 Ra3+ 40. Kxc4 Rxg3 41. d5 Rg1 42. Re2+ Kxf4 43. Rd2 Rc1+ 44. Kb5 Ke5 45. d6 Rc8 46. d7 Rd8 47. Kc6 Ke6 48. Kc7 Rxd7+ 49. Rxd7 1-0

[Event "Titled Tuesday intern op 28th Mar Late"]
[Site "Chess.com INT"]
[Date "2023.03.28"]
[Round "9"]
[White "Adewumi, Tanitoluwa"]
[Black "Grebeniuk, Semen"]
[Result "0-1"]
[WhiteElo "2317"]
[BlackElo "2315"]
[PlyCount "72"]
[EventDate "2023.03.28"]
[EventType "swiss (blitz)"]
[EventRounds "11"]
[EventCountry "USA"]
[SourceTitle "EXT 2024"]
[Source "ChessBase"]
[SourceDate "2023.10.10"]
[SourceVersion "1"]
[SourceVersionDate "2023.10.10"]
[SourceQuality "1"]

1. e4 c5 2. Nf3 Nc6 3. Bb5 e6 4. Bxc6 bxc6 5. b3 d6 6. Bb2 e5 7. 0-0 Bg4 8. h3 Bh5 9. c3 Nf6 10. d4 Nxe4 11. Re1 d5 12. g4 Bg6 13. Nxe5 Qh4 14. Qf3 0-0-0 15. Qe2 Kb7 16. Kg2 Bd6 17. Nd2 Bxe5 18. dxe5 h5 19. Nf3 Qe7 20. c4 hxg4 21. hxg4 Qe6 22. Ng1 Rh4 23. f3 Rdh8 24. fxe4 Rh2+ 25. Kg3 Rxe2 26. Nxe2 Bxe4 27. cxd5 cxd5 28. Nf4 Qh6 29. Nh5 Qd2 30. Ba3 g6 31. Rad1 Qxa2 32. Ra1 Qg2+ 33. Kf4 gxh5 34. Rg1 Qf3+ 35. Kg5 hxg4 36. Bxc5 Qf5# 0-1

[Event "Titled Tuesday intern op 28th Mar Late"]
[Site "Chess.com INT"]
[Date "2023.03.28"]
[Round "6"]
[White "Grebeniuk, Semen"]
[Black "Aradhya, Garg"]
[Result "0-1"]
[WhiteElo "2315"]
[BlackElo "2305"]
[PlyCount "70"]
[EventDate "2023.03.28"]
[EventType "swiss (blitz)"]
[EventRounds "11"]
[EventCountry "USA"]
[SourceTitle "EXT 2024"]
[Source "ChessBase"]
[SourceDate "2023.10.10"]
[SourceVersion "1"]
[SourceVersionDate "2023.10.10"]
[SourceQuality "1"]

1. d4 d5 2. c4 c6 3. cxd5 cxd5 4. Bf4 Nf6 5. e3 Nc6 6. Nc3 Bf5 7. Qb3 Na5 8. Qa4+ Bd7 9. Qc2 e6 10. Nf3 Nc6 11. a3 Be7 12. Bd3 Nh5 13. Bg3 Nxg3 14. hxg3 g6 15. 0-0 Kf8 16. b4 Rc8 17. Qb3 Kg7 18. Na4 b6 19. Ba6 Rc7 20. Nc3 Nb8 21. Bd3 a6 22. Ne5 Qc8 23. Rfc1 Qb7 24. b5 axb5 25. Nxd7 Nxd7 26. Nxb5 Rxc1+ 27. Rxc1 Rc8 28. Rxc8 Qxc8 29. a4 Qc1+ 30. Kh2 Nf6 31. Be2 Qe1 32. Nc3 Qxf2 33. Qxb6 Qxe3 34. Qb2 Bd6 35. a5 Bxg3+ 0-1

[Event "Titled Tuesday intern op 28th Mar Late"]
[Site "Chess.com INT"]
[Date "2023.03.28"]
[Round "1"]
[White "Grebeniuk, Semen"]
[Black "Glashausser, Sho"]
[Result "1-0"]
[WhiteElo "2315"]
[BlackElo "1978"]
[PlyCount "47"]
[EventDate "2023.03.28"]
[EventType "swiss (blitz)"]
[EventRounds "11"]
[EventCountry "USA"]
[SourceTitle "EXT 2024"]
[Source "ChessBase"]
[SourceDate "2023.10.10"]
[SourceVersion "1"]
[SourceVersionDate "2023.10.10"]
[SourceQuality "1"]

1. d4 d5 2. Nf3 Nf6 3. c4 dxc4 4. e3 e6 5. Bxc4 c5 6. 0-0 a6 7. Qe2 b5 8. Bb3 Bb7 9. Rd1 Nbd7 10. a4 Qb6 11. Nc3 b4 12. a5 Qc7 13. Na4 cxd4 14. exd4 Be7 15. Ne5 Nxe5 16. dxe5 Nd7 17. Qg4 Qxe5 18. Bf4 Qf5 19. Qxg7 Qg6 20. Qxg6 hxg6 21. Rac1 e5 22. Rc7 exf4 23. Rdxd7 0-0 24. Rxb7 1-0

[Event "Titled Tuesday intern op 28th Mar Late"]
[Site "Chess.com INT"]
[Date "2023.03.28"]
[Round "7"]
[White "Hoffmann, Asa"]
[Black "Grebeniuk, Semen"]
[Result "0-1"]
[WhiteElo "2185"]
[BlackElo "2315"]
[PlyCount "76"]
[EventDate "2023.03.28"]
[EventType "swiss (blitz)"]
[EventRounds "11"]
[EventCountry "USA"]
[SourceTitle "EXT 2024"]
[Source "ChessBase"]
[SourceDate "2023.10.10"]
[SourceVersion "1"]
[SourceVersionDate "2023.10.10"]
[SourceQuality "1"]

1. d4 f5 2. Nc3 Nf6 3. Bg5 d5 4. f3 c5 5. e4 fxe4 6. fxe4 dxe4 7. dxc5 Qa5 8. Bb5+ Bd7 9. Bxd7+ Nbxd7 10. Nge2 Qxc5 11. Qd2 0-0-0 12. 0-0-0 e5 13. Bxf6 gxf6 14. Nxe4 Qb6 15. Nd6+ Bxd6 16. Qxd6 Qe3+ 17. Qd2 Qxd2+ 18. Rxd2 Nc5 19. Rf1 Rxd2 20. Kxd2 Kd7 21. Nc3 Ke6 22. b4 Na6 23. a3 Rd8+ 24. Ke3 Nc7 25. g4 Rd4 26. h3 h5 27. Rg1 hxg4 28. Rxg4 Rxg4 29. hxg4 Nd5+ 30. Nxd5 Kxd5 31. Kd3 b5 32. c3 e4+ 33. Ke3 Ke5 34. Kd2 Kf4 35. c4 bxc4 36. b5 e3+ 37. Kc2 e2 38. Kd2 Kf3 0-1

[Event "Titled Tuesday intern op 28th Mar Late"]
[Site "Chess.com INT"]
[Date "2023.03.28"]
[Round "10"]
[White "Melkumyan, Hrant"]
[Black "Grebeniuk, Semen"]
[Result "1-0"]
[WhiteElo "2645"]
[BlackElo "2315"]
[PlyCount "83"]
[EventDate "2023.03.28"]
[EventType "swiss (blitz)"]
[EventRounds "11"]
[EventCountry "USA"]
[SourceTitle "EXT 2024"]
[Source "ChessBase"]
[SourceDate "2023.10.10"]
[SourceVersion "1"]
[SourceVersionDate "2023.10.10"]
[SourceQuality "1"]

1. d4 f5 2. Nc3 Nf6 3. Bg5 d5 4. e3 e6 5. Nf3 Be7 6. Bd3 0-0 7. Ne2 b6 8. c4 Ba6 9. cxd5 Bxd3 10. Qxd3 Nxd5 11. Bxe7 Qxe7 12. 0-0 Nd7 13. Rfc1 c5 14. dxc5 Nxc5 15. Qa3 f4 16. Nxf4 Nxf4 17. exf4 Rxf4 18. Re1 Raf8 19. Qe3 a5 20. Rad1 Qf6 21. Qe5 Rxf3 22. gxf3 Qxf3 23. Qg3 Qf5 24. Rd4 h6 25. Rg4 Rf7 26. Kh1 Nd3 27. Rf1 Nxf2+ 28. Rxf2 Qxf2 29. Rxg7+ Kf8 30. Rg8+ Ke7 31. Qc7+ Kf6 32. Qd8+ Kf5 33. Qd3+ Kf6 34. Qc3+ Ke7 35. Qc7+ Kf6 36. Qd8+ Kf5 37. Qd3+ Kf6 38. Rg2 Qe1+ 39. Rg1 Qe5 40. Qd8+ Re7 41. Qh8+ Kf5 42. Rf1+ 1-0

[Event "EU-ch Cities&Town op"]
[Site "Tornelo INT"]
[Date "2023.01.29"]
[Round "?"]
[White "Grebeniuk, Semen"]
[Black "Halkias, Stelios"]
[Result "1/2-1/2"]
[WhiteElo "2315"]
[BlackElo "2516"]
[PlyCount "68"]
[EventDate "2023.01.29"]
[EventType "team-swiss"]
[EventRounds "9"]
[EventCountry "NET"]
[SourceTitle "CBM 212 Extra"]
[Source "ChessBase"]
[SourceDate "2023.03.31"]
[SourceVersion "1"]
[SourceVersionDate "2023.03.31"]
[SourceQuality "1"]
[WhiteTeam "Kiev Region"]
[BlackTeam "Athens Kallithea"]
[WhiteTeamCountry "UKR"]
[BlackTeamCountry "GRE"]

1. d4 d5 2. Nf3 Nf6 3. Bg5 Nbd7 4. Nbd2 e6 5. e3 c5 6. c3 Bd6 7. Bd3 h6 8. Bh4 Qc7 9. 0-0 c4 10. Bc2 b5 11. e4 dxe4 12. Nxe4 Nxe4 13. Bxe4 Rb8 14. Bg3 0-0 15. Nd2 Nf6 16. Bf3 Bxg3 17. hxg3 Bb7 18. a3 Rfc8 19. Re1 Bd5 20. Bxd5 exd5 21. Re5 Re8 22. Qe2 Rxe5 23. dxe5 Re8 24. Re1 Nd7 25. Nf3 Nc5 26. Qe3 Nd3 27. Re2 Re6 28. Qd4 Qb7 29. Ne1 Nc1 30. Re3 Nb3 31. Qd1 Nc5 32. Qd4 Nb3 33. Qd1 Nc5 34. Qd4 Nb3 1/2-1/2

[Event "Kiev Shystariov Blitz"]
[Site "Kiev"]
[Date "2022.08.26"]
[Round "3"]
[White "Andreev, Eduard"]
[Black "Grebeniuk, Semen"]
[Result "0-1"]
[WhiteElo "2413"]
[BlackElo "2315"]
[PlyCount "88"]
[EventDate "2022.08.26"]
[EventType "swiss (blitz)"]
[EventRounds "9"]
[EventCountry "UKR"]
[SourceTitle "CBM 209 Extra"]
[Source "ChessBase"]
[SourceDate "2022.09.30"]
[SourceVersion "1"]
[SourceVersionDate "2022.09.30"]
[SourceQuality "1"]

1. e4 d5 2. exd5 Qxd5 3. Nc3 Qa5 4. d4 Nf6 5. Nf3 Bg4 6. h3 Bh5 7. g4 Bg6 8. Ne5 e6 9. Bg2 Be4 10. f3 Bd5 11. 0-0 Nc6 12. Nxd5 Qxd5 13. Nxc6 Qxc6 14. f4 Qb6 15. Kh1 0-0-0 16. c3 h5 17. g5 Nd5 18. Qf3 g6 19. a4 a5 20. b4 axb4 21. c4 Nc3 22. Be3 Qa6 23. d5 exd5 24. cxd5 Bd6 25. Bd4 Rhe8 26. Bf6 Be7 27. Bxc3 bxc3 28. Qxc3 Bd6 29. Rab1 Re7 30. a5 Rde8 31. Rb6 Re3 32. Qc1 Qxa5 33. Rb1 Qc5 34. Qb2 b6 35. Rbc1 Qb4 36. Qf6 R8e7 37. Rb1 Qc3 38. f5 gxf5 39. Qxf5+ Kb7 40. Ra1 R7e5 41. Qxf7 Rxh3+ 42. Bxh3 Qxh3+ 43. Kg1 Bc5+ 44. Rf2 Rxg5# 0-1

[Event "Kiev Shystariov Blitz"]
[Site "Kiev"]
[Date "2022.08.26"]
[Round "9"]
[White "Grebeniuk, Semen"]
[Black "Pavlov, Sergey1111"]
[Result "0-1"]
[WhiteElo "2315"]
[BlackElo "2473"]
[PlyCount "61"]
[EventDate "2022.08.26"]
[EventType "swiss (blitz)"]
[EventRounds "9"]
[EventCountry "UKR"]
[SourceTitle "CBM 209 Extra"]
[Source "ChessBase"]
[SourceDate "2022.09.30"]
[SourceVersion "1"]
[SourceVersionDate "2022.09.30"]
[SourceQuality "1"]

1. d4 Nf6 2. Nf3 e6 3. Bg5 c5 4. c3 h6 5. Bh4 b6 6. Nbd2 Bb7 7. e3 Be7 8. Bd3 g5 9. Bg3 g4 10. Ne5 h5 11. e4 d6 12. Nec4 cxd4 13. cxd4 d5 14. Ne5 dxe4 15. Bb5+ Kf8 16. 0-0 a6 17. Ba4 b5 18. Bb3 Qxd4 19. Rc1 e3 20. fxe3 Qxe3+ 21. Kh1 h4 22. Bf4 Qd4 23. Nxg4 h3 24. Ne3 hxg2+ 25. Nxg2 Nd5 26. Bxd5 Qxd5 27. Qe2 Nc6 28. Nf3 Nb4 29. Be5 Rh5 30. Bc3 Qd3 31. Qf2 0-1

[Event "Kiev Shystariov Blitz"]
[Site "Kiev"]
[Date "2022.08.26"]
[Round "8"]
[White "Sidorika, Vladislav"]
[Black "Grebeniuk, Semen"]
[Result "1-0"]
[WhiteElo "2278"]
[BlackElo "2315"]
[PlyCount "121"]
[EventDate "2022.08.26"]
[EventType "swiss (blitz)"]
[EventRounds "9"]
[EventCountry "UKR"]
[SourceTitle "CBM 209 Extra"]
[Source "ChessBase"]
[SourceDate "2022.09.30"]
[SourceVersion "1"]
[SourceVersionDate "2022.09.30"]
[SourceQuality "1"]

1. c4 f5 2. g3 Nf6 3. Bg2 g6 4. Nc3 d6 5. d3 Bg7 6. Nf3 0-0 7. 0-0 Nc6 8. Rb1 a5 9. a3 Nh5 10. Bd2 f4 11. b4 axb4 12. axb4 Bg4 13. Nd5 fxg3 14. fxg3 e6 15. Ne3 Bxf3 16. Bxf3 Rb8 17. Nc2 Qe7 18. e3 Ne5 19. Be2 Rxf1+ 20. Qxf1 Rf8 21. Qg2 b6 22. b5 Nf6 23. Nd4 Nfd7 24. Nf3 Nxf3+ 25. Bxf3 Nc5 26. d4 Nd7 27. Rf1 Nf6 28. Bc3 Bh6 29. Qe2 Nd7 30. Kg2 Qg5 31. Bd2 Qe7 32. Bg4 Nf6 33. Bf3 Nd7 34. Bc3 Qg5 35. Bd2 Qe7 36. h4 Bg7 37. Qd3 Nf6 38. Bc3 Nd7 39. Qd2 Nf6 40. e4 e5 41. dxe5 dxe5 42. Bb4 Qd8 43. Qa2 Re8 44. Rd1 Qa8 45. Qb2 Bf8 46. Ra1 Qd8 47. Bc3 Bd6 48. Rd1 Qe7 49. Qb3 Kg7 50. Qc2 Nd7 51. h5 Nc5 52. hxg6 hxg6 53. Rh1 Ne6 54. Bg4 Nd4 55. Qd2 Bc5 56. Qh6+ Kf7 57. Qh7+ Kf6 58. Qh4+ Kg7 59. Qh6+ Kf7 60. Rf1+ Kg8 61. Qxg6+ 1-0